Statistics for Top 15 Countries with Covid-19 Deaths - 1 January 2021

Click here to take the quiz!

General Stats

  • This quiz has been taken 21 times
  • The average score is 14 of 23

Answer Stats

country% Correct
Mexico
100%
United States
100%
Germany
95%
India
95%
Italy
95%
United Kingdom
95%
Brazil
89%
France
89%
Russia
89%
Spain
79%
Colombia
74%
Argentina
68%
Peru
68%
Poland
53%
Iran
47%
Belgium
42%
Croatia
26%
Czechia
26%
Hungary
26%
Slovenia
26%
Bosnia and
Herzegovina
21%
Bulgaria
21%
North Macedonia
21%

Score Distribution

Percentile by Number Answered

Percent of People with Each Score

Your Score History

You have not taken this quiz